Pliocene volcanic rocks of the Coso Range, Inyo County, California /

Bibliographic Details
Main Author: Novak, Steven W.
Corporate Author: Geological Survey (U.S.)
Other Authors: Bacon, Charles R.
Format: Government Document Book
Language:English
Published: [Reston, Va.] : Dept. of the Interior, U.S. Geological Survey ; 1986.
Series:U.S. Geological Survey professional paper ; 1383.
Subjects:

MARC

Tag First Indicator Second Indicator Subfields
LEADER 00000cam a22000008a 4500
001 in00000855593
005 20151019075642.0
008 860420s1986 vauab b f00010 eng
010 |a gp 86015567  
010 |a  86600084  
035 |a (OCoLC)13559204 
035 |9 AEE7219AM 
039 0 |a 2  |b 3  |c 3  |d 3  |e 3 
040 |a DLC  |c DLC  |d GPO  |d UtOrBLW 
043 |a n-us-ca 
050 0 |a QE695  |b .N67 1986 
074 |a 624 
082 0 |a 552/.2/0979487  |2 19 
086 0 |a I 19.16:1383 
092 |a 552.2  |b Nov 
100 1 |a Novak, Steven W. 
245 1 0 |a Pliocene volcanic rocks of the Coso Range, Inyo County, California /  |c by Steven W. Novak and Charles R. Bacon. 
264 1 |a [Reston, Va.] :  |b Dept. of the Interior, U.S. Geological Survey ;  |c 1986. 
264 2 |a Denver, CO :  |b For sale by the Books and Open-File Reports Section, 
300 |a iv, 44 pages :  |b illustrations, maps ;  |c 28 cm. 
336 |a text  |b txt  |2 rdacontent 
337 |a unmediated  |b n  |2 rdamedia 
338 |a volume  |b nc  |2 rdacarrier 
490 1 |a U.S. Geological Survey professional paper ;  |v 1383 
500 |a Shipping list number: 86-471-P. 
504 |a Bibliography: pages 40-42. 
650 0 |a Geology, Stratigraphic  |y Pliocene. 
650 0 |a Volcanic ash, tuff, etc.  |z California  |z Coso Range. 
650 0 |a Geology  |z California  |z Coso Range. 
700 1 |a Bacon, Charles R. 
710 2 |a Geological Survey (U.S.) 
830 0 |a U.S. Geological Survey professional paper ;  |v 1383. 
999 |a MARS 
999 f f |s ebbf1f13-7010-3278-8a52-faee97d51a99  |i 33127d18-2508-3e26-97a6-38f728b06b7b  |t 0 
952 f f |p normal  |a Texas A&M University  |b College Station  |c Sterling C. Evans Library  |d Evans: US Documents (Annex 5th floor)  |t 0  |e I 19.16:1383  |h Superintendent of Documents classification  |i unmediated -- volume  |m A14814854002 
952 f f |a Texas A&M University  |b College Station  |c Sterling C. Evans Library  |d Halbouty Reading Rm (Halbouty Bldg 173) (Does not check out)  |t 0  |e 552.2 Nov  |h Dewey Decimal classification 
998 f f |a 552.2 Nov  |t 0  |l Halbouty Reading Rm (Halbouty Bldg 173) (Does not check out) 
998 f f |a I 19.16:1383  |t 0  |l Evans: US Documents (Annex 5th floor)